| 000 | 00000nam##2200000za#4500 |
| 001 | 9.623396 |
| 003 | CaOODSP |
| 005 | 20200327174310 |
| 007 | ta |
| 008 | 150406|1995||||xxc||||| f|0| 0 fre|d |
| 020 | |a0-662-80358-2 |
| 022 | |a1188-7990 |
| 040 | |aCaOODSP|bfre |
| 043 | |an-cn--- |
| 086 | 1 |aEn1-17/11-1995F |
| 110 | 1 |aCanada. |bEnvironnement Canada. |bService de la protection de l'environnement. |
| 245 | 10|aSols contaminés: unité mobile de lessivage de sols contaminés / |cpar Pierre Geoffroy et al. |
| 260 | |aMontréal - Québec : |bEnvironnement Canada. |c1995. |
| 300 | |a4p. : |bfigures en couleur, tableaux ; |c28 cm. |
| 490 | 1 |aTechnologies Saint-Laurent|x1188-7990 |
| 563 | |aDépliant |
| 590 | |a95-38|b1995-09-22 |
| 720 | 1 |aGeoffroy, Pierre |
| 775 | 08|tContaminated soil: mobile unit for washing contaminated soils / |w(CaOODSP)9.612354 |
| 776 | 0#|tSols contaminés. Unité mobile de lessivage de sols contaminés |w(CaOODSP)9.601846 |
| 830 | #0|aTechnologies Saint-Laurent,|x1188-7990|w(CaOODSP)9.512939 |